1985 Glenelg Football Club Premiership Team Quiz Stats

 Plays Quiz not verified by Sporcle

Challenge
Share
Tweet
Embed
Score 0/26 Timer 10:00
0 Plays Today
% Correct
Chris McDermott
100%
Peter Carey
90%
Ross Gibbs
80%
Stephen Kernahan
80%
Tony McGuinness
70%
David Marshall
70%
Tony Hall
70%
David Kernahan
60%
John Seebohm
50%
Chris Duthy
50%
Robin Kidney
50%
Alan Stringer
50%
Wayne Stringer
50%
% Correct
Scott Salisbury
50%
Wayne Henwood
50%
Stephen Copping
40%
Tony Symonds
40%
Adam Garton
30%
Mark Hewett
20%
Michael Murphy
10%
Mark Donovan
10%
Jim West
10%
Craig Woodlands
10%
Gavan Walsh
0%
Pater Maynard
0%
John MacFarlane
0%

You're not logged in!

Compare scores with friends on all Sporcle quizzes.
OR
Log In

You Might Also Like...

Show Comments

Extras

Top Quizzes Today


Score Distribution

Your Account Isn't Verified!

In order to create a playlist on Sporcle, you need to verify the email address you used during registration. Go to your Sporcle Settings to finish the process.

Report this User

Report this user for behavior that violates our Community Guidelines.

Details: